[Event "Girls U14 Polish Youth Championship"]
[Site "chess24.com"]
[Date "2018.04.29"]
[Round "1"]
[White "Polakowska, Agnieszka"]
[Black "Slusarczyk, Milena"]
[Result "0-1"]
[Board "21"]
[WhiteElo "1180"]
[WhiteCountry "POL"]
[WhiteFideId "21800804"]
[WhiteEloChange "-4"]
[BlackElo "1449"]
[BlackCountry "POL"]
[BlackFideId "21820198"]
[BlackEloChange "4"]

1. e4 {[%clk 1:30:57]} c5 {[%clk 1:30:54]} 2. c3 {[%clk 1:31:16]} d5 {[%clk
1:30:39]} 3. exd5 {[%clk 1:29:41]} Qxd5 {[%clk 1:30:18]} 4. d4 {[%clk 1:28:34]}
e6 {[%clk 1:29:22]} 5. Nf3 {[%clk 1:27:12]} Nf6 {[%clk 1:28:25]} 6. Be3 {[%clk
1:26:33]} cxd4 {[%clk 1:24:25]} 7. Qxd4 {[%clk 1:24:35]} Nc6 {[%clk 1:21:31]} 8.
Qxd5 {[%clk 1:23:29]} Nxd5 {[%clk 1:20:40]} 9. Bd4 {[%clk 1:20:02]} Nxd4 {[%clk
1:18:12]} 10. Nxd4 {[%clk 1:20:21]} Bc5 {[%clk 1:14:02]} 11. Bb5+ {[%clk
1:18:26]} Bd7 {[%clk 1:11:46]} 12. Bxd7+ {[%clk 1:18:43]} Kxd7 {[%clk 1:12:07]}
13. Nf3 {[%clk 1:17:39]} Ke7 {[%clk 1:10:56]} 14. O-O {[%clk 1:17:29]} b5 {[%clk
1:07:37]} 15. Nbd2 {[%clk 1:16:03]} Bb6 {[%clk 1:06:43]} 16. c4 {[%clk 1:13:37]}
bxc4 {[%clk 1:01:38]} 17. Nxc4 {[%clk 1:13:44]} Rhc8 {[%clk 0:53:47]} 18. Nxb6
{[%clk 1:10:57]} axb6 {[%clk 0:53:05]} 19. a3 {[%clk 1:09:40]} Rc2 {[%clk
0:49:51]} 20. Rab1 {[%clk 1:08:33]} Nf4 {[%clk 0:49:14]} 21. Nd4 {[%clk 1:07:22]}
Rc4 {[%clk 0:43:52]} 22. Nb5 {[%clk 0:57:27]} Ra5 {[%clk 0:41:20]} 23. Nc3 {[%clk
0:57:34]} Nd3 {[%clk 0:39:36]} 24. Ne2 {[%clk 0:38:46]} Rc2 {[%clk 0:32:02]} 25.
Nd4 {[%clk 0:38:06]} Rc4 {[%clk 0:30:36]} 26. Ne2 {[%clk 0:37:09]} Re5 {[%clk
0:22:40]} 27. Nc1 {[%clk 0:34:50]} Nxc1 {[%clk 0:18:17]} 28. Rbxc1 {[%clk
0:34:43]} Rec5 {[%clk 0:17:35]} 29. Rxc4 {[%clk 0:34:25]} Rxc4 {[%clk 0:17:58]}
30. Rd1 {[%clk 0:33:43]} Rc2 {[%clk 0:17:40]} 31. Rb1 {[%clk 0:34:03]} Kd6 {[%clk
0:17:40]} 32. g3 {[%clk 0:33:50]} Kc5 {[%clk 0:16:20]} 33. b4+ {[%clk 0:22:57]}
Kb5 {[%clk 0:15:52]} 34. Rd1 {[%clk 0:22:15]} Rc7 {[%clk 0:15:13]} 35. Rd3 {[%clk
0:21:44]} Ra7 {[%clk 0:13:58]} 36. Kf1 {[%clk 0:21:42]} Rc7 {[%clk 0:08:08]} 37.
Kg2 {[%clk 0:21:03]} Kc4 {[%clk 0:06:23]} 38. Rd6 {[%clk 0:19:55]} Kb3 {[%clk
0:03:49]} 39. Rxb6 {[%clk 0:20:03]} Kxa3 {[%clk 0:04:06]} 40. b5 {[%clk 0:19:49]}
Kb4 {[%clk 0:03:38]} 41. Rc6 {[%clk 0:17:52]} Rb7 {[%clk 0:03:52]} 42. b6 {[%clk
0:18:07]} Kb5 {[%clk 0:03:51]} 43. Rc7 {[%clk 0:14:25]} Kxb6 {[%clk 0:04:09]} 44.
Rxb7+ {[%clk 0:12:46]} Kxb7 {[%clk 0:04:34]} 45. Kf3 {[%clk 0:13:10]} Kc6 {[%clk
0:04:23]} 46. Ke4 {[%clk 0:13:30]} Kd6 {[%clk 0:04:37]} 47. f4 {[%clk 0:13:46]}
f5+ {[%clk 0:02:44]} 48. Kd4 {[%clk 0:13:58]} h6 {[%clk 0:01:56]} 49. h3 {[%clk
0:13:06]} g5 {[%clk 0:00:45]} 50. h4 {[%clk 0:12:29]} gxh4 {[%clk 0:00:53]} 51.
gxh4 {[%clk 0:12:48]} h5 {[%clk 0:01:17]} 52. Kd3 {[%clk 0:11:03]} Kd5 {[%clk
0:01:26]} 53. Ke3 {[%clk 0:11:07]} Kc4 {[%clk 0:01:31]} 54. Ke2 {[%clk 0:11:01]}
Kd4 {[%clk 0:01:54]} 55. Kf3 {[%clk 0:11:20]} Kd3 {[%clk 0:02:18]} 56. Kf2 {[%clk
0:11:30]} Ke4 {[%clk 0:02:42]} 57. Kg3 {[%clk 0:11:56]} Ke3 {[%clk 0:03:02]} 58.
Kh3 {[%clk 0:12:11]} Kxf4 {[%clk 0:03:29]} 59. Kg2 {[%clk 0:12:29]} e5 {[%clk
0:03:53]} 60. Kf2 {[%clk 0:12:34]} e4 {[%clk 0:04:14]} 0-1

[Event "Girls U14 Polish Youth Championship"]
[Site "chess24.com"]
[Date "2018.04.29"]
[Round "1"]
[White "Wojtas, Julia"]
[Black "Retz, Agnieszka"]
[Result "1-0"]
[Board "22"]
[WhiteElo "1436"]
[WhiteCountry "POL"]
[WhiteFideId "21825394"]
[WhiteEloChange "4"]
[BlackElo "1172"]
[BlackCountry "POL"]
[BlackFideId "21819408"]
[BlackEloChange "-4"]

1. e4 {[%clk 1:30:57]} c5 {[%clk 1:30:54]} 2. Nf3 {[%clk 1:31:10]} d6 {[%clk
1:31:12]} 3. Bb5+ {[%clk 1:31:12]} Bd7 {[%clk 1:31:26]} 4. Bxd7+ {[%clk 1:30:54]}
Qxd7 {[%clk 1:31:41]} 5. c4 {[%clk 1:29:51]} Nf6 {[%clk 1:31:57]} 6. Nc3 {[%clk
1:28:53]} g6 {[%clk 1:31:47]} 7. O-O {[%clk 1:26:38]} Bg7 {[%clk 1:31:18]} 8. d4
{[%clk 1:25:43]} cxd4 {[%clk 1:28:48]} 9. Nxd4 {[%clk 1:24:49]} O-O {[%clk
1:27:04]} 10. h3 {[%clk 1:23:01]} Nc6 {[%clk 1:22:07]} 11. Nde2 {[%clk 1:19:03]}
Qe6 {[%clk 1:18:42]} 12. Qb3 {[%clk 1:06:42]} Na5 {[%clk 1:17:41]} 13. Qb5 {[%clk
1:03:32]} Nxc4 {[%clk 1:13:11]} 14. Nf4 {[%clk 0:58:47]} Qc8 {[%clk 1:12:09]} 15.
Nfd5 {[%clk 0:53:22]} Nxd5 {[%clk 1:10:13]} 16. Nxd5 {[%clk 0:52:58]} Qc5 {[%clk
1:09:06]} 17. Nxe7+ {[%clk 0:49:29]} Kh8 {[%clk 1:09:13]} 18. Qxb7 {[%clk
0:42:19]} Rab8 {[%clk 1:08:15]} 19. Qd5 {[%clk 0:40:27]} Qxd5 {[%clk 1:06:53]}
20. exd5 {[%clk 0:36:27]} Nxb2 {[%clk 1:05:50]} 21. Rb1 {[%clk 0:35:05]} a5
{[%clk 1:04:25]} 22. Bd2 {[%clk 0:27:44]} a4 {[%clk 1:03:42]} 23. Rfc1 {[%clk
0:26:05]} Rfe8 {[%clk 1:03:20]} 24. Rc7 {[%clk 0:25:26]} Rb5 {[%clk 0:57:40]} 25.
Bf4 {[%clk 0:22:03]} Be5 {[%clk 0:54:04]} 26. Bxe5+ {[%clk 0:20:30]} dxe5 {[%clk
0:53:49]} 27. d6 {[%clk 0:20:33]} Nc4 {[%clk 0:43:55]} 28. Rxb5 {[%clk 0:20:26]}
Nxd6 {[%clk 0:44:11]} 29. Rxe5 {[%clk 0:20:20]} Kg7 {[%clk 0:39:30]} 30. Rd7
{[%clk 0:18:53]} Kf6 {[%clk 0:38:01]} 31. Re1 {[%clk 0:18:39]} Kg7 {[%clk
0:33:12]} 32. Rxd6 {[%clk 0:18:41]} Rf8 {[%clk 0:32:29]} 33. Ra6 {[%clk 0:18:36]}
Rd8 {[%clk 0:30:35]} 34. Rxa4 {[%clk 0:15:57]} Kf8 {[%clk 0:30:29]} 35. Ra7
{[%clk 0:15:42]} Rd6 {[%clk 0:29:05]} 36. a4 {[%clk 0:15:34]} Ke8 {[%clk
0:29:11]} 37. Nf5+ {[%clk 0:15:25]} 1-0

[Event "Girls U14 Polish Youth Championship"]
[Site "chess24.com"]
[Date "2018.04.29"]
[Round "1"]
[White "Kot, Ewelina"]
[Black "Pisarek, Elzbieta"]
[Result "0-1"]
[Board "23"]
[WhiteElo "1148"]
[WhiteCountry "POL"]
[WhiteFideId "21871566"]
[WhiteEloChange "-3"]
[BlackElo "1434"]
[BlackCountry "POL"]
[BlackFideId "21826234"]
[BlackEloChange "3"]

1. e4 {[%clk 1:30:57]} c5 {[%clk 1:30:54]} 2. Nc3 {[%clk 1:31:09]} a6 {[%clk
1:31:01]} 3. f4 {[%clk 1:31:28]} e6 {[%clk 1:29:36]} 4. Nf3 {[%clk 1:30:30]} Nc6
{[%clk 1:27:06]} 5. g3 {[%clk 1:28:46]} b5 {[%clk 1:26:29]} 6. Bg2 {[%clk
1:26:51]} Bb7 {[%clk 1:26:38]} 7. d3 {[%clk 1:23:54]} d6 {[%clk 1:22:49]} 8. O-O
{[%clk 1:22:15]} g6 {[%clk 1:20:38]} 9. Ne2 {[%clk 1:13:23]} Bg7 {[%clk 1:20:18]}
10. c3 {[%clk 1:13:15]} Nf6 {[%clk 1:13:49]} 11. h3 {[%clk 0:58:23]} O-O {[%clk
1:12:55]} 12. Nh4 {[%clk 0:54:18]} Qc7 {[%clk 1:11:59]} 13. f5 {[%clk 0:50:49]}
exf5 {[%clk 1:11:25]} 14. exf5 {[%clk 0:50:39]} Ne5 {[%clk 1:07:38]} 15. fxg6
{[%clk 0:47:18]} hxg6 {[%clk 1:07:30]} 16. Bg5 {[%clk 0:41:07]} Bxg2 {[%clk
1:04:45]} 17. Nxg2 {[%clk 0:40:43]} Nh7 {[%clk 1:00:26]} 18. Be3 {[%clk 0:37:30]}
Rae8 {[%clk 0:57:33]} 19. Kh2 {[%clk 0:32:19]} Nf6 {[%clk 0:53:41]} 20. Bg5
{[%clk 0:30:03]} Nfd7 {[%clk 0:50:06]} 21. Bf4 {[%clk 0:25:16]} Qc6 {[%clk
0:47:38]} 22. Ng1 {[%clk 0:24:09]} Nb6 {[%clk 0:36:56]} 23. Bxe5 {[%clk 0:23:37]}
dxe5 {[%clk 0:36:27]} 24. Qf3 {[%clk 0:23:30]} Qxf3 {[%clk 0:36:29]} 25. Nxf3
{[%clk 0:23:46]} e4 {[%clk 0:35:08]} 26. dxe4 {[%clk 0:23:43]} Rxe4 {[%clk
0:34:51]} 27. Rfe1 {[%clk 0:23:49]} Rfe8 {[%clk 0:34:02]} 28. Rxe4 {[%clk
0:23:00]} Rxe4 {[%clk 0:34:26]} 29. Re1 {[%clk 0:22:38]} Rxe1 {[%clk 0:34:22]}
30. Nfxe1 {[%clk 0:22:53]} Na4 {[%clk 0:34:06]} 31. Nd3 {[%clk 0:22:26]} c4
{[%clk 0:33:07]} 32. Nb4 {[%clk 0:22:26]} a5 {[%clk 0:31:30]} 33. Nc6 {[%clk
0:22:16]} Nxb2 {[%clk 0:31:42]} 34. Nxa5 {[%clk 0:22:30]} Bxc3 {[%clk 0:31:55]}
35. Nc6 {[%clk 0:22:41]} Nd1 {[%clk 0:27:44]} 36. Nf4 {[%clk 0:22:11]} Ne3 {[%clk
0:27:16]} 37. Ne2 {[%clk 0:21:59]} Bd2 {[%clk 0:26:50]} 38. Kg1 {[%clk 0:21:20]}
c3 {[%clk 0:24:55]} 39. Ncd4 {[%clk 0:21:19]} b4 {[%clk 0:22:21]} 40. Nb3 {[%clk
0:19:29]} Kf8 {[%clk 0:21:03]} 41. Kf2 {[%clk 0:19:45]} Ke7 {[%clk 0:20:50]} 42.
Kf3 {[%clk 0:19:58]} f5 {[%clk 0:19:05]} 43. g4 {[%clk 0:19:10]} fxg4+ {[%clk
0:19:14]} 44. hxg4 {[%clk 0:19:18]} g5 {[%clk 0:16:32]} 45. Ke4 {[%clk 0:18:20]}
Nxg4 {[%clk 0:16:17]} 46. Kd3 {[%clk 0:18:13]} Ne5+ {[%clk 0:14:52]} 47. Kc2
{[%clk 0:18:20]} Nf3 {[%clk 0:13:50]} 48. Nbd4 {[%clk 0:17:31]} Nxd4+ {[%clk
0:13:41]} 49. Nxd4 {[%clk 0:17:55]} Kd6 {[%clk 0:13:11]} 50. Kb3 {[%clk 0:17:47]}
g4 {[%clk 0:12:56]} 51. Kxb4 {[%clk 0:18:08]} c2+ {[%clk 0:13:17]} 52. Kb3 {[%clk
0:18:14]} c1Q {[%clk 0:13:37]} 53. Nf5+ {[%clk 0:18:33]} Ke5 {[%clk 0:13:53]} 0-1

[Event "Girls U14 Polish Youth Championship"]
[Site "chess24.com"]
[Date "2018.04.29"]
[Round "1"]
[White "Siekanska, Zuzanna"]
[Black "Kaznowska, Weronika"]
[Result "0-1"]
[Board "24"]
[WhiteElo "1434"]
[WhiteCountry "POL"]
[WhiteFideId "21852537"]
[WhiteEloChange "-17"]
[BlackElo "1131"]
[BlackCountry "POL"]
[BlackFideId "21816719"]
[BlackEloChange "17"]

1. d4 {[%clk 1:30:30]} d5 {[%clk 1:30:30]} 2. c4 {[%clk 1:30:30]} e6 {[%clk
1:30:30]} 3. Nc3 {[%clk 1:30:30]} Nf6 {[%clk 1:30:30]} 4. cxd5 {[%clk 1:30:30]}
Nxd5 {[%clk 1:30:30]} 5. e4 {[%clk 1:30:30]} Nxc3 {[%clk 1:30:30]} 6. bxc3 {[%clk
1:30:30]} c5 {[%clk 1:30:30]} 7. Nf3 {[%clk 1:30:30]} Nd7 {[%clk 1:30:30]} 8. Be2
{[%clk 1:30:30]} Qc7 {[%clk 1:30:30]} 9. O-O {[%clk 1:30:30]} Nf6 {[%clk
1:30:30]} 10. Bb5+ {[%clk 1:30:30]} Bd7 {[%clk 1:30:30]} 11. Bxd7+ {[%clk
1:30:30]} Qxd7 {[%clk 1:30:30]} 12. Re1 {[%clk 1:30:30]} Rc8 {[%clk 1:30:30]} 13.
Ne5 {[%clk 1:30:30]} Qc7 {[%clk 1:30:30]} 14. Qa4+ {[%clk 1:30:30]} Nd7 {[%clk
1:30:30]} 15. Bf4 {[%clk 1:30:30]} Bd6 {[%clk 1:30:30]} 16. Rab1 {[%clk 1:30:30]}
b6 {[%clk 1:30:30]} 17. Red1 {[%clk 1:30:30]} cxd4 {[%clk 1:30:30]} 18. cxd4
{[%clk 1:30:30]} Qb7 {[%clk 1:30:30]} 19. Nxf7 {[%clk 1:30:30]} Bxf4 {[%clk
1:30:30]} 20. Nxh8 {[%clk 1:30:30]} Ke7 {[%clk 1:30:30]} 21. e5 {[%clk 1:30:30]}
Rxh8 {[%clk 1:30:30]} 22. Qa3+ {[%clk 1:30:30]} Kf7 {[%clk 1:30:30]} 23. Rd3
{[%clk 1:30:30]} Rf8 {[%clk 1:30:30]} 24. Rh3 {[%clk 1:30:30]} Qe4 {[%clk
1:30:30]} 25. Rd1 {[%clk 1:30:30]} Qe2 {[%clk 1:30:30]} 26. Qa4 {[%clk 1:30:30]}
b5 {[%clk 1:30:30]} 27. Qb3 {[%clk 1:30:30]} Ke7 {[%clk 1:30:30]} 28. d5 {[%clk
1:30:30]} Bxe5 {[%clk 1:30:30]} 29. dxe6 {[%clk 1:30:30]} Qxf2+ {[%clk 1:30:30]}
30. Kh1 {[%clk 1:30:30]} Qf1+ {[%clk 1:30:30]} 0-1

[Event "Girls U14 Polish Youth Championship"]
[Site "chess24.com"]
[Date "2018.04.29"]
[Round "1"]
[White "Bychowska, Marta"]
[Black "Mucha, Marta"]
[Result "1-0"]
[Board "25"]
[WhiteElo "1114"]
[WhiteCountry "POL"]
[WhiteFideId "21889643"]
[WhiteEloChange "17"]
[BlackElo "1432"]
[BlackCountry "POL"]
[BlackFideId "1195123"]
[BlackEloChange "-17"]

1. e4 {[%clk 1:30:56]} d5 {[%clk 1:30:43]} 2. exd5 {[%clk 1:31:15]} Qxd5 {[%clk
1:31:04]} 3. Nc3 {[%clk 1:31:36]} Qd6 {[%clk 1:31:18]} 4. d4 {[%clk 1:31:35]} c6
{[%clk 1:31:02]} 5. Nf3 {[%clk 1:31:00]} Nf6 {[%clk 1:30:42]} 6. g3 {[%clk
1:29:52]} Bg4 {[%clk 1:29:06]} 7. Bg2 {[%clk 1:28:21]} e6 {[%clk 1:26:48]} 8. O-O
{[%clk 1:26:13]} Be7 {[%clk 1:25:40]} 9. a3 {[%clk 1:24:42]} O-O {[%clk 1:24:49]}
10. Qd3 {[%clk 1:24:17]} Qd8 {[%clk 1:20:11]} 11. Be3 {[%clk 1:20:21]} Nbd7
{[%clk 1:19:44]} 12. Ne5 {[%clk 1:14:15]} Nxe5 {[%clk 1:14:09]} 13. dxe5 {[%clk
1:14:26]} Nd5 {[%clk 1:13:55]} 14. Nxd5 {[%clk 1:14:16]} cxd5 {[%clk 1:13:42]}
15. f3 {[%clk 1:12:58]} Bf5 {[%clk 1:13:35]} 16. Qb3 {[%clk 1:11:40]} Qc7 {[%clk
1:12:57]} 17. Rac1 {[%clk 1:10:10]} Qxe5 {[%clk 1:06:05]} 18. Bf4 {[%clk
1:08:56]} Qd4+ {[%clk 1:05:56]} 19. Be3 {[%clk 1:09:12]} Qc4 {[%clk 1:05:30]} 20.
Qxc4 {[%clk 1:09:05]} dxc4 {[%clk 1:05:48]} 21. g4 {[%clk 1:07:58]} Bg6 {[%clk
1:05:42]} 22. f4 {[%clk 1:07:06]} Bf6 {[%clk 1:03:54]} 23. f5 {[%clk 1:00:09]}
exf5 {[%clk 1:03:15]} 24. gxf5 {[%clk 1:00:07]} Bh5 {[%clk 1:03:04]} 25. Rb1
{[%clk 0:59:24]} Rfe8 {[%clk 0:51:39]} 26. Bf2 {[%clk 0:56:44]} Re7 {[%clk
0:47:42]} 27. Rfe1 {[%clk 0:53:52]} Rae8 {[%clk 0:39:53]} 28. Rxe7 {[%clk
0:52:04]} Rxe7 {[%clk 0:40:11]} 29. Bxa7 {[%clk 0:51:45]} b5 {[%clk 0:38:40]} 30.
Bf2 {[%clk 0:48:23]} Re2 {[%clk 0:34:57]} 31. c3 {[%clk 0:46:35]} Bg4 {[%clk
0:33:39]} 32. Re1 {[%clk 0:45:20]} Rxe1+ {[%clk 0:32:35]} 33. Bxe1 {[%clk
0:45:36]} Bxf5 {[%clk 0:32:37]} 34. Bc6 {[%clk 0:45:40]} Kf8 {[%clk 0:31:37]} 35.
Bxb5 {[%clk 0:45:30]} Be6 {[%clk 0:31:20]} 36. Bf2 {[%clk 0:44:54]} Ke7 {[%clk
0:26:54]} 37. a4 {[%clk 0:43:45]} Bd5 {[%clk 0:21:16]} 38. a5 {[%clk 0:43:52]}
Kd6 {[%clk 0:19:07]} 39. Bb6 {[%clk 0:42:54]} Bg5 {[%clk 0:18:27]} 40. a6 {[%clk
0:43:07]} Bc1 {[%clk 0:18:12]} 41. a7 {[%clk 0:43:21]} Bxb2 {[%clk 0:17:35]} 42.
Bxc4 {[%clk 0:43:06]} Ba8 {[%clk 0:17:11]} 43. Bf1 {[%clk 0:42:58]} Kc6 {[%clk
0:16:53]} 44. Bd4 {[%clk 0:43:14]} Kc7 {[%clk 0:15:43]} 45. Bxg7 {[%clk 0:39:56]}
Kb6 {[%clk 0:09:54]} 46. Bd4+ {[%clk 0:40:13]} Kc7 {[%clk 0:09:47]} 47. Kf2
{[%clk 0:40:10]} Bc6 {[%clk 0:08:51]} 48. Bc4 {[%clk 0:38:56]} f5 {[%clk
0:08:51]} 49. Ke3 {[%clk 0:38:51]} Bc1+ {[%clk 0:09:02]} 50. Kf2 {[%clk 0:38:34]}
Bf4 {[%clk 0:08:24]} 51. h3 {[%clk 0:38:30]} Kb7 {[%clk 0:07:54]} 52. Be6 {[%clk
0:38:16]} Be4 {[%clk 0:07:26]} 53. c4 {[%clk 0:38:25]} h5 {[%clk 0:07:26]} 54.
Bd5+ {[%clk 0:38:42]} Bxd5 {[%clk 0:07:09]} 55. cxd5 {[%clk 0:39:03]} Bd6 {[%clk
0:06:58]} 56. Kf3 {[%clk 0:38:49]} Ka8 {[%clk 0:06:41]} 57. Ke3 {[%clk 0:38:28]}
Kb7 {[%clk 0:06:58]} 58. Kd3 {[%clk 0:38:46]} Ka8 {[%clk 0:07:23]} 59. Kc4 {[%clk
0:38:59]} Kb7 {[%clk 0:07:33]} 60. Bc5 {[%clk 0:38:03]} Bc7 {[%clk 0:04:23]} 61.
d6 {[%clk 0:38:01]} Bd8 {[%clk 0:04:39]} 62. Kd5 {[%clk 0:38:01]} f4 {[%clk
0:04:34]} 63. Ke4 {[%clk 0:38:05]} Bg5 {[%clk 0:04:46]} 64. d7 {[%clk 0:37:54]}
Ka8 {[%clk 0:04:01]} 65. Bb6 {[%clk 0:37:57]} Kb7 {[%clk 0:04:00]} 66. d8Q {[%clk
0:38:14]} Bxd8 {[%clk 0:04:23]} 67. Bxd8 {[%clk 0:38:37]} Kxa7 {[%clk 0:04:49]}
68. Kxf4 {[%clk 0:38:57]} Kb7 {[%clk 0:05:13]} 69. Kg5 {[%clk 0:39:11]} Kc8
{[%clk 0:05:32]} 70. Kxh5 {[%clk 0:39:28]} Kxd8 {[%clk 0:05:44]} 71. Kg6 {[%clk
0:39:47]} Ke8 {[%clk 0:05:59]} 72. Kg7 {[%clk 0:40:03]} 1-0

[Event "Girls U14 Polish Youth Championship"]
[Site "chess24.com"]
[Date "2018.04.29"]
[Round "1"]
[White "Bugaj, Hanna"]
[Black "Gromek, Aleksandra"]
[Result "1-0"]
[Board "26"]
[WhiteElo "1427"]
[WhiteCountry "POL"]
[WhiteFideId "21829870"]
[WhiteEloChange "3"]
[BlackElo "1101"]
[BlackCountry "POL"]
[BlackFideId "21866619"]
[BlackEloChange "-3"]

1. d4 {[%clk 1:30:58]} d5 {[%clk 1:30:53]} 2. Nf3 {[%clk 1:31:20]} Nf6 {[%clk
1:31:15]} 3. e3 {[%clk 1:31:42]} e6 {[%clk 1:31:37]} 4. Bd3 {[%clk 1:31:59]} Bd6
{[%clk 1:31:37]} 5. b3 {[%clk 1:30:57]} c6 {[%clk 1:30:54]} 6. Nbd2 {[%clk
1:27:33]} Nbd7 {[%clk 1:29:26]} 7. Bb2 {[%clk 1:27:46]} O-O {[%clk 1:27:27]} 8.
O-O {[%clk 1:27:26]} Re8 {[%clk 1:25:43]} 9. Ne5 {[%clk 1:27:05]} Bc7 {[%clk
1:22:35]} 10. f4 {[%clk 1:25:02]} Rf8 {[%clk 1:19:57]} 11. Ba3 {[%clk 1:17:16]}
Re8 {[%clk 1:19:50]} 12. Qf3 {[%clk 1:15:32]} Nb6 {[%clk 1:10:56]} 13. g4 {[%clk
1:12:52]} Bd6 {[%clk 1:07:37]} 14. Bxd6 {[%clk 1:12:29]} Qxd6 {[%clk 1:07:56]}
15. g5 {[%clk 1:12:44]} Nfd7 {[%clk 1:07:45]} 16. Bxh7+ {[%clk 1:12:48]} Kf8
{[%clk 1:03:54]} 17. Qh5 {[%clk 1:10:59]} Re7 {[%clk 0:55:51]} 18. Bg6 {[%clk
1:09:35]} Ke8 {[%clk 0:51:45]} 19. Nxf7 {[%clk 1:05:22]} Rxf7 {[%clk 0:46:44]}
20. Bxf7+ {[%clk 1:05:39]} Kd8 {[%clk 0:46:48]} 21. Qh8+ {[%clk 1:01:21]} Qf8
{[%clk 0:46:19]} 22. Qxf8+ {[%clk 0:59:01]} Nxf8 {[%clk 0:46:38]} 23. g6 {[%clk
0:45:36]} Bd7 {[%clk 0:46:19]} 24. h4 {[%clk 0:44:46]} Nc8 {[%clk 0:46:35]} 25.
Nf3 {[%clk 0:44:00]} Be8 {[%clk 0:42:36]} 26. Ne5 {[%clk 0:43:06]} Ne7 {[%clk
0:41:55]} 27. h5 {[%clk 0:39:24]} Nf5 {[%clk 0:41:32]} 28. Rf3 {[%clk 0:39:17]}
Nh6 {[%clk 0:40:34]} 29. Bxe8 {[%clk 0:38:03]} Kxe8 {[%clk 0:40:49]} 30. Re1
{[%clk 0:36:07]} Nd7 {[%clk 0:39:53]} 31. Nxd7 {[%clk 0:35:12]} Kxd7 {[%clk
0:40:14]} 32. e4 {[%clk 0:34:21]} dxe4 {[%clk 0:39:31]} 33. Rxe4 {[%clk 0:34:32]}
Nf5 {[%clk 0:39:46]} 34. Kf2 {[%clk 0:30:28]} Rh8 {[%clk 0:39:48]} 35. Rh3 {[%clk
0:30:31]} Kd6 {[%clk 0:39:32]} 36. c4 {[%clk 0:30:20]} Ke7 {[%clk 0:39:16]} 37.
d5 {[%clk 0:29:58]} cxd5 {[%clk 0:38:52]} 38. cxd5 {[%clk 0:30:19]} Kd7 {[%clk
0:38:53]} 39. dxe6+ {[%clk 0:30:06]} Ke7 {[%clk 0:39:07]} 40. Re5 {[%clk
0:29:02]} Nd4 {[%clk 0:37:40]} 41. Rd3 {[%clk 0:28:05]} Nc6 {[%clk 0:37:44]} 42.
Rd7+ {[%clk 0:27:44]} Kf6 {[%clk 0:37:25]} 43. Rf7# {[%clk 0:28:02]} 1-0

[Event "Girls U14 Polish Youth Championship"]
[Site "chess24.com"]
[Date "2018.04.30"]
[Round "2"]
[White "Wikar, Martyna"]
[Black "Libura, Julianna"]
[Result "1/2-1/2"]
[Board "1"]
[WhiteElo "2029"]
[WhiteCountry "POL"]
[WhiteFideId "21807663"]
[WhiteEloChange "-8"]
[BlackElo "1466"]
[BlackCountry "POL"]
[BlackFideId "21820708"]
[BlackEloChange "8"]

1. e4 {[%clk 1:30:57]} c5 {[%clk 1:30:50]} 2. Nf3 {[%clk 1:31:19]} a6 {[%clk
1:31:07]} 3. c3 {[%clk 1:31:38]} Nf6 {[%clk 1:30:00]} 4. e5 {[%clk 1:31:18]} Nd5
{[%clk 1:30:15]} 5. d4 {[%clk 1:31:00]} cxd4 {[%clk 1:29:10]} 6. cxd4 {[%clk
1:31:04]} e6 {[%clk 1:28:51]} 7. a3 {[%clk 1:30:59]} b5 {[%clk 1:24:11]} 8. Bd3
{[%clk 1:29:58]} Bb7 {[%clk 1:18:47]} 9. O-O {[%clk 1:28:34]} h6 {[%clk 1:12:40]}
10. Qe2 {[%clk 1:27:05]} d6 {[%clk 1:11:33]} 11. Bd2 {[%clk 1:16:16]} Nd7 {[%clk
1:06:11]} 12. b4 {[%clk 1:13:53]} dxe5 {[%clk 1:04:04]} 13. dxe5 {[%clk 1:13:44]}
Rc8 {[%clk 1:02:29]} 14. Nd4 {[%clk 1:09:45]} Qb6 {[%clk 0:59:36]} 15. Nf3 {[%clk
1:07:55]} Be7 {[%clk 0:57:00]} 16. Re1 {[%clk 1:07:11]} Nb8 {[%clk 0:41:56]} 17.
Ra2 {[%clk 1:00:55]} Nc6 {[%clk 0:39:27]} 18. Qe4 {[%clk 0:58:54]} Rd8 {[%clk
0:24:48]} 19. Qg4 {[%clk 0:55:18]} Bf8 {[%clk 0:24:06]} 20. Be4 {[%clk 0:49:24]}
Nd4 {[%clk 0:18:27]} 21. Qg3 {[%clk 0:42:02]} Nxf3+ {[%clk 0:14:03]} 22. Qxf3
{[%clk 0:41:34]} Be7 {[%clk 0:12:36]} 23. Qg3 {[%clk 0:40:41]} g6 {[%clk
0:12:19]} 24. Rc2 {[%clk 0:40:36]} Qd4 {[%clk 0:09:29]} 25. Nc3 {[%clk 0:35:38]}
Kf8 {[%clk 0:05:57]} 26. Nxd5 {[%clk 0:20:37]} Bxd5 {[%clk 0:05:45]} 27. Bc3
{[%clk 0:18:34]} Qb6 {[%clk 0:05:12]} 28. Bd3 {[%clk 0:17:44]} Kg7 {[%clk
0:05:17]} 29. Bd2 {[%clk 0:16:19]} Rc8 {[%clk 0:04:46]} 30. Be3 {[%clk 0:16:11]}
Qb7 {[%clk 0:04:29]} 31. Rec1 {[%clk 0:16:04]} Bb3 {[%clk 0:04:09]} 32. Be4
{[%clk 0:11:17]} Qd7 {[%clk 0:03:37]} 33. Bxh6+ {[%clk 0:10:52]} Kxh6 {[%clk
0:03:05]} 34. Qxb3 {[%clk 0:10:53]} Rhd8 {[%clk 0:02:29]} 35. Rxc8 {[%clk
0:10:23]} Rxc8 {[%clk 0:02:52]} 36. Rd1 {[%clk 0:10:31]} Qc7 {[%clk 0:03:03]} 37.
Qe3+ {[%clk 0:08:43]} Kg7 {[%clk 0:03:22]} 38. Bf3 {[%clk 0:08:18]} a5 {[%clk
0:02:39]} 39. Qe2 {[%clk 0:05:02]} axb4 {[%clk 0:02:02]} 40. axb4 {[%clk
0:04:21]} Qc4 {[%clk 0:02:10]} 41. Rb1 {[%clk 0:04:02]} Bxb4 {[%clk 0:02:01]} 42.
Qxc4 {[%clk 0:04:22]} Rxc4 {[%clk 0:01:54]} 43. Be2 {[%clk 0:04:45]} Re4 {[%clk
0:02:02]} 44. Bxb5 {[%clk 0:04:15]} Re1+ {[%clk 0:02:08]} 45. Rxe1 {[%clk
0:04:41]} Bxe1 {[%clk 0:02:32]} 46. Bc4 {[%clk 0:05:01]} f6 {[%clk 0:02:36]} 47.
Bxe6 {[%clk 0:05:18]} fxe5 {[%clk 0:03:01]} 48. Kf1 {[%clk 0:05:37]} Bc3 {[%clk
0:03:16]} 49. Ke2 {[%clk 0:05:59]} Kf6 {[%clk 0:03:37]} 50. Bd5 {[%clk 0:06:12]}
Bd4 {[%clk 0:03:56]} 51. Kf3 {[%clk 0:06:34]} Bc3 {[%clk 0:03:50]} 52. h4 {[%clk
0:06:11]} Bb2 {[%clk 0:03:52]} 53. g4 {[%clk 0:06:23]} Bc3 {[%clk 0:03:54]} 54.
Be4 {[%clk 0:05:42]} Bd4 {[%clk 0:04:14]} 55. Kg3 {[%clk 0:05:24]} Bc3 {[%clk
0:04:29]} 56. g5+ {[%clk 0:05:21]} Kg7 {[%clk 0:04:47]} 57. Kg4 {[%clk 0:05:29]}
Bd4 {[%clk 0:04:45]} 58. Kf3 {[%clk 0:05:23]} Bc3 {[%clk 0:05:02]} 59. Ke3 {[%clk
0:05:40]} Bd4+ {[%clk 0:05:23]} 60. Ke2 {[%clk 0:05:51]} Bc3 {[%clk 0:05:38]} 61.
Kd3 {[%clk 0:05:32]} Bb2 {[%clk 0:05:41]} 62. Bd5 {[%clk 0:05:43]} Ba1 {[%clk
0:05:54]} 63. Ke4 {[%clk 0:05:54]} Bb2 {[%clk 0:06:14]} 64. Be6 {[%clk 0:05:44]}
Bc3 {[%clk 0:06:11]} 65. Bg4 {[%clk 0:05:57]} Be1 {[%clk 0:06:03]} 66. Ke3 {[%clk
0:04:36]} Bc3 {[%clk 0:06:24]} 67. Be6 {[%clk 0:04:01]} Bb2 {[%clk 0:06:39]} 68.
Ke4 {[%clk 0:04:14]} Bc3 {[%clk 0:06:53]} 69. f4 {[%clk 0:03:17]} exf4 {[%clk
0:07:13]} 70. Kxf4 {[%clk 0:03:40]} Be1 {[%clk 0:07:35]} 71. Kg4 {[%clk 0:04:05]}
Bf2 {[%clk 0:07:47]} 72. Bd5 {[%clk 0:04:12]} Be1 {[%clk 0:08:07]} 73. Be4 {[%clk
0:04:38]} Bf2 {[%clk 0:08:22]} 74. Bxg6 {[%clk 0:04:48]} Kxg6 {[%clk 0:08:24]}
75. h5+ {[%clk 0:05:12]} Kg7 {[%clk 0:08:06]} 76. Kf5 {[%clk 0:05:26]} Bd4 {[%clk
0:08:29]} 77. h6+ {[%clk 0:05:32]} Kh7 {[%clk 0:08:39]} 78. Ke4 {[%clk 0:05:52]}
Bb2 {[%clk 0:08:59]} 79. Kf5 {[%clk 0:06:17]} Bc3 {[%clk 0:09:18]} 1/2-1/2